1388 1960 1321 1611 1090 1292 1424 1802 1453 1140 1307 1368 1259 1194 1088 1138 1311 1861 1748 1596 1877 1228 1942 1311 1424 1107 1684 1328 1992 1535 1432 1556 1770 1374 1890 1355 1858 1067 1615 1194 1830 1772 1777 1456 1622 1849 1664 1797 1822 1952 1141 1477 1892 1799 1922 1547 1295 1265 1418 1841 1712 1094 1093 1810 1062 1626 1068 1203 1646 1467 1996 1320 1332 1362 1306 1790 1892 1393 1775 1900 1965 1041 1628 1993 1247 1843 1473 1534 1747 1554 1098 1070 1227 1976 1667 1840 1401 1664 1125 BCNSPRNW ULIB Ver.6.0+V

เปลี่ยนเป็นภาษาไทย

Change to English
 แสดงรายละเอียดบรรณานุกรม
  กลับหน้าหลัก

Brief Record : Get Marc (ISO 2709) : E-mail record : QR code < ปิดหน้าต่าง
LEADER : 00000nam 2200000uu 4500
001    13399115168
003     ULIB
008    120715s2005||||th 000 0 tha d
020    9781405310420
060 04 ^aQT104^bw183b 2005
100 1  ^arobert winston
245 14 ^a body /^crobert winstor
260    ^aLondon ^c2005
500    ^aSend to Single Search
504    ^aIncludes bibliographical references
945    ^p0^l0^i16285
999 ^a ใช้งานได้ทุกระบบ
รายการนี้ยังไม่มีแท็ก
คุณยังไม่ได้ล็อกอิน คุณสามารถมีกิจกรรมร่วมกับเว็บไซต์ได้ แต่ต้องล็อกอินก่อน ::
  ล็อกอิน

รายการสื่อสารสนเทศ

ลำดับที่ ประเภท เลขเรียก/บาร์โค้ด สถานที่ สถานะ
- ไม่พบข้อมูล -

รายการใกล้เคียง
    ผู้แต่ง [robert winston]

BibComment


ยังไม่เคยถูกคอมเมนท์

คอมเมนท์ทรัพยากรรายการนี้
  คอมเมนท์: body robert wi..


 Copyright 2026. Bcnsprnw @Library